Statistiques concernant Toutes les communes du Finistère sur une carte

Cliquez ici pour prendre le quiz!

Statistiques générales

  • Ce quiz a été pris 669 fois
  • Le résultat moyen est 86 sur 277

Réponses sur la Carte

Les réponses sont colorées sur une échelle allant du rouge au vert en fonction du pourcentage des utilisateurs qui les ont devinées à leur premier essai. Vous pouvez retrouver ces pourcentages ci-dessous.
 

Statistiques - réponses

CommunePopulation (2020)% Correct
Brest139 456
94%
Quimper63 473
94%
Crozon7 360
83%
Morlaix14 709
83%
Concarneau20 209
82%
Quimperlé12 077
78%
Douarnenez13 956
77%
Ouessant832
76%
Landerneau16 025
75%
Loc-Brévalaire208
73%
Loc-Eguiner396
73%
Saint-Thégonnec Loc-Eguiner3 059
73%
Plougastel-Daoulas13 277
71%
Guipavas15 196
67%
Roscoff3 362
67%
Châteaulin5 156
66%
Carhaix-Plouguer7 165
65%
Landivisiau9 204
62%
Fouesnant10 060
61%
Île-Molène162
59%
Île-de-Batz450
58%
Audierne3 690
55%
Plouzané13 558
55%
Camaret-sur-Mer2 462
54%
Le Conquet2 768
54%
Ploudalmézeau6 333
54%
Saint-Pol-de-Léon6 743
54%
Saint-Renan8 276
54%
Daoulas1 833
53%
Île-de-Sein266
53%
Le Faou1 782
53%
Pont-l'Abbé8 392
53%
Bénodet3 702
51%
Le Relecq-Kerhuon11 710
51%
Plabennec8 545
49%
Île-Tudy737
48%
La Forêt-Fouesnant3 459
48%
Lampaul-Guimiliau2 023
47%
Lampaul-Plouarzel2 148
47%
Lampaul-Ploudalmézeau825
47%
Gouesnou6 281
45%
Guiler-sur-Goyen523
45%
Lesneven7 285
45%
Locmaria-Plouzané5 115
45%
Plougonvelin4 299
45%
Pont-Aven2 831
45%
Poullaouen1 473
45%
Sizun2 304
45%
Lannilis5 694
44%
Saint-Jean-du-Doigt662
43%
Saint-Jean-Trolimon923
43%
Saint-Martin-des-Champs4 707
43%
Penmarch5 139
42%
Plouguerneau6 633
42%
Rosporden7 594
42%
Ergué-Gabéric8 484
41%
Loctudy3 980
41%
Plouarzel3 924
41%
Locronan790
40%
Plouescat3 522
40%
Plourin1 253
40%
Plourin-lès-Morlaix4 510
40%
Scaër5 245
40%
Briec5736
39%
Châteauneuf-du-Faou3 650
39%
Landéda3 613
39%
Milizac-Guipronvel4 606
39%
Bohars3 559
38%
Guilers8 119
38%
Huelgoat1 405
38%
Bourg-Blanc3 545
37%
Carantec3 212
37%
Clohars-Carnoët4 625
37%
Clohars-Fouesnant2 113
37%
Guilvinec2 693
36%
Trégunc7 058
36%
Dirinon2 206
35%
Hôpital-Camfrout2 224
35%
Loperhet3 931
35%
Ploudaniel3 750
35%
Plounéour-Brignogan-plages1 926
35%
Plounéour-Ménez1 296
35%
Lanvéoc1 966
34%
Pleyben3 579
34%
Cléder3 635
33%
Hanvec2 036
33%
Kerlouan2 087
33%
Moëlan-sur-Mer6 748
33%
Névez2 694
33%
Plogoff1 230
33%
Plomeur3 855
33%
Plouhinec3 940
33%
Port-Launay398
33%
Telgruc-sur-Mer2 102
33%
Argol998
32%
Bannalec5 656
32%
Combrit4 236
32%
Commana997
32%
Lanildut956
32%
Le Folgoët3 239
32%
Logonna-Daoulas2 120
32%
Plonévez-du-Faou2 130
32%
Plonévez-Porzay1 787
32%
Plougasnou2 724
32%
Pont-de-Buis-lès-Quimerch3 617
32%
Porspoder1 764
32%
Saint-Pabu2 067
32%
Plobannalec-Lesconil3 615
31%
Plouigneau5 082
31%
Pont-Croix1 566
31%
Santec2 385
31%
Taulé2 878
31%
Pouldreuzic2 157
30%
Riec-sur-Bélon4 240
30%
Roscanvel830
30%
Saint-Divy1 572
30%
Beuzec-Cap-Sizun1 006
29%
Guissény1 983
29%
Kersaint-Plabennec1 507
29%
Landévennec342
29%
Plomelin4 195
29%
Plonéour-Lanvern6 300
29%
Plozévet2 945
29%
Pluguffan4 196
29%
Saint-Évarzec35 21
29%
Saint-Nic754
29%
Saint-Thonan1 916
29%
Bodilis1 653
28%
Brasparts1 025
28%
Plogastel-Saint-Germain1 989
28%
Plouguin2 173
28%
Brennilis439
27%
La Forest-Landerneau1 962
27%
La Roche-Maurice1 810
27%
Locquirec1 521
27%
Pleyber-Christ3 190
27%
Plogonnec3 196
27%
Plouédern3 009
27%
Ploumoguer2 143
27%
Plounévez-Lochrist2 297
27%
Brélès860
26%
Coat-Méal1 121
26%
Gouesnach2 781
26%
Plomodiern2 245
26%
Plounéventer2 134
26%
Treffiagat2 410
26%
Guiclan2 529
25%
Landrévarzec1 855
25%
Landunvez1 487
25%
Le Juch725
25%
Plonéis2 449
25%
Plouvien3 851
25%
Plouvorn2 879
25%
Saint-Yvi3 308
25%
Arzano1 397
24%
Cast1 532
24%
Cléden-Cap-Sizun915
24%
Cléden-Poher1 138
24%
Coray1 887
24%
Henvic1 224
24%
Lanmeur2 369
24%
Pencran2 089
24%
Plouénan2 539
24%
Plovan683
24%
Sibiril11 82
24%
Goulien430
23%
Guerlesquin1 286
23%
La Feuillée656
23%
La Martyre757
23%
Le Drennec1 904
23%
Melgven3 422
23%
Plougoulm1 774
23%
Plouider1 824
23%
Rosnoën960
23%
Sainte-Sève1 052
23%
Spézet1 757
23%
Tréglonou691
23%
Berrien879
22%
Elliant3 328
22%
Gourlizon924
22%
Kerlaz784
22%
Kernilis1 417
22%
Landudec1 490
22%
Plouezoc'h1 620
22%
Plougonven3 432
22%
Poullan-sur-Mer1 485
22%
Quéménéven1 112
22%
Saint-Urbain1 667
22%
Tréflez975
22%
Tréguennec314
22%
Tréméoc1 400
22%
Goulven447
21%
Guengat1 824
21%
Irvillac1 459
21%
Lanrivoaré1 485
21%
Laz683
21%
Le Cloître-Pleyben520
21%
Le Cloître-Saint-Thégonnec653
21%
Mahalon971
21%
Mellac3 303
21%
Pleuven3 223
21%
Ploudiry894
21%
Plouzévédé1 775
21%
Rédené2 911
21%
Trébabu363
21%
Locquénolé799
20%
Plouégat-Guérand1 061
20%
Plouégat-Moysan716
20%
Scrignac739
20%
Trémaouézan511
20%
Tréogat574
20%
Botmeur222
19%
Edern2 235
19%
Saint-Frégant851
19%
Saint-Rivoal214
19%
Saint-Servais786
19%
Baye1 281
18%
Guilligomarc'h790
18%
Guimaëc932
18%
Primelin650
18%
Saint-Méen939
18%
Tourch998
18%
Tréflévénez244
18%
Trégarvan112
18%
Garlan1 052
17%
Guimiliau1 007
17%
Lanhouarneau1 317
17%
Lanneuffret152
17%
Le Tréhou644
17%
Mespaul932
17%
Motreff707
17%
Pouldergat1 214
17%
Saint-Eloy216
17%
Saint-Goazec713
17%
Saint-Sauveur784
17%
Saint-Ségal1 124
17%
Saint-Vougay887
17%
Tréflaouénan523
17%
Confort-Meilars873
16%
Dinéault1 864
16%
Le Trévoux1 608
16%
Ploéven502
16%
Querrien1 665
16%
Saint-Coulitz459
16%
Saint-Derrien829
16%
Saint-Thurien1 027
16%
Botsorhel431
15%
Gouézec1 104
15%
Landudal888
15%
Langolen854
15%
Lopérec877
15%
Loqueffret343
15%
Peumerit865
15%
Plougar794
15%
Plougourvest1 449
15%
Saint-Hernin750
15%
Trégarantec615
15%
Tréouergat329
15%
Trézilidé401
15%
Kernouës651
14%
Landeleau963
14%
Locmélar472
14%
Saint-Thois722
14%
Tréméven2 329
14%
Locunolé1 167
13%
Lothey463
13%
Bolazec179
12%
Lannéanou347
12%
Lannédern301
12%
Leuhan828
12%
Plounévézel1 171
12%
Plouyé654
12%
Trégourez955
12%
Lanarvily411
11%
Lennon778
11%
Kergloff852
10%
Collorec603
9%

Distribution des résultats

Percentile par nombre de réponses

% des personnes avec chaque résultat

Votre développement - résultats

Vous n’avez pas pris ce quiz